Estancias y viajes del embajador Carlos V desde el día de su nacimiento hasta el de su muerte (Record no. 64766)

MARC details
000 -LEADER
campo de control de longitud fija 00956nam a2200229 i 4500
001 - NÚMERO DE CONTROL
campo de control 64766
003 - IDENTIFICADOR DE NÚMERO DE CONTROL
campo de control ES-MaACL
005 - FECHA Y HORA DE LA ÚLTIMA TRANSACCIÓN
campo de control 20250805055204.0
007 - CAMPO FIJO DE DESCRIPCIÓN FÍSICA--INFORMACIÓN GENERAL
campo de control de longitud fija t|
008 - DATOS DE LONGITUD FIJA--INFORMACIÓN GENERAL
campo de control de longitud fija 040105s1914 sp ||||1| spa d
100 1# - ENTRADA PRINCIPAL--NOMBRE DE PERSONA
Nombre de persona Foronda y Aguilera, Manuel de.
9 (RLIN) 51803
245 10 - MENCIÓN DEL TÍTULO
Título Estancias y viajes del embajador Carlos V desde el día de su nacimiento hasta el de su muerte
Resto del título : comprobados y corroborados con documentos originales... /
Mención de responsabilidad, etc. Manuel de Foronda y Aguilera ; [prólogo: el autor y el espíritu de esta obra por Juan Pérez de Guzmán y Gallo].
260 ## - PUBLICACIÓN, DISTRIBUCIÓN, ETC.
Lugar de publicación, distribución, etc. Madrid :
Nombre del editor, distribuidor, etc. [s.n.],
Fecha de publicación, distribución, etc. 1914 (
Fabricante Sucesores de Rivadeneyra)
300 ## - DESCRIPCIÓN FÍSICA
Extensión XLIV, 714 p. ;
Dimensiones 34 cm.
500 ## - NOTA GENERAL
Nota general Ejemplar nº 439.
500 ## - NOTA GENERAL
Nota general Con grabs. intercs.
600 04 - PUNTO DE ACCESO ADICIONAL DE MATERIA--NOMBRE DE PERSONA
Nombre de persona Carlos
Numeración I,
Títulos y otros términos asociados al nombre Rey de España-
Subdivisión general Viajes
9 (RLIN) 35302
700 1# - ENTRADA AGREGADA--NOMBRE PERSONAL
Nombre de persona Pérez de Guzmán y Gallo, Juan,
Fechas asociadas al nombre 1841-1928
9 (RLIN) 90777
852 ## - LOCALIZACIÓN
Ubicación ES-MaACL
Número de control de estantería Armario 18
Signatura antigua Olim: C-625
942 ## - ELEMENTOS DE ENTRADA SECUNDARIOS (KOHA)
Fuente del sistema de clasificación o colocación Clasificación decimal universal
Holdings
Estatus retirado Estado de pérdida Fuente del sistema de clasificación o colocación Estado de daño No para préstamo Biblioteca de origen Biblioteca actual Ubicación en estantería Fecha de adquisición Total de préstamos Signatura topográfica completa Código de barras Visto por última vez Precio de reemplazo Tipo de ítem Koha
    Clasificación decimal universal     Biblioteca del Ateneo de Madrid Biblioteca del Ateneo de Madrid Depósito 17/01/2008   Armario 18 1067862 23/02/2023 23/02/2023 Libro impreso